000 00282nam a22001337a 4500
008 170719b xxu||||| |||| 00| 0 eng d
020 _a0052002158
041 _aeng
080 _a2
100 _a24
101 _aTEO
245 _aISMALIC STUDIES
_cPHILIPS, A.B
942 _2udc
_cBK
999 _c21495
_d21495